000 00764nam a22002057a 4500
999 _c193208
_d193208
005 20221017173141.0
010 _aENG-135468
020 _a9789391490065
_c1180.00
035 _aEN-119000
037 _bDBAD/PUB
082 _a327.54052
245 _aIndia-Japan relations @70:
_bbuilding beyond the bilateral/
_ced. by Srabani Roy Choudhary, Sahana Thankachan [and] Parul Bakshi
260 _aNew Delhi
_bKW Publishes pvt. ltd.
_c2021
270 _a4676/21, first floor, ansari road, daryaganj
_bNew Delhi
_e110002
_k011-43528107
_mkw@kwpub.in
300 _a363p.
_c24cm(hbk)
_bIndex
700 _aChoudhury, Srabani Roy
_eEditor
700 _aThankachan, Sahana
_eEditor
700 _aBakshi, Parul
_eEditor
942 _2ddc
_cEN
_mIND
_h327.54052